Statistics for 2020 F1 World Championship Race Winners

Click here to take the quiz!

General Stats

  • This quiz has been taken 26 times
  • The average score is 17 of 17

Answer Stats

HintAnswer% Correct
TuscanyLewis Hamilton
100%
PortugalLewis Hamilton
100%
HungaryLewis Hamilton
100%
Great BritainLewis Hamilton
100%
BahrainLewis Hamilton
100%
SpainLewis Hamilton
100%
BelgiumLewis Hamilton
100%
TurkeyLewis Hamilton
100%
StyriaLewis Hamilton
100%
Emilia RomagnaLewis Hamilton
100%
EifelLewis Hamilton
100%
Abu DhabiMax Verstappen
96%
70th AnniversaryMax Verstappen
96%
RussiaValtteri Bottas
96%
AustriaValtteri Bottas
96%
SakhirSergio Perez
91%
ItalyPierre Gasly
83%

Score Distribution

Percentile by Number Answered

Percent of People with Each Score

Your Score History

You have not taken this quiz